000
00226 a2200097 4500
001
27551
100
_a
Gottfried, B
245
_a
A comparison of programming languages
260
_a
_b
Quantum pub
_c
1973
090
_c
18339
_d
18339
942
_a
NUST-CAE
_c
M
_c
9268
999
_c
262624
_d
262624